000 00295nam a22001457a 4500
999 _c54939
_d54939
008 190926b ||||| |||| 00| 0 eng d
020 _a9780073532479
041 _aeng
080 _a574
082 _a574
100 _a9
101 _aMJE
245 _aEcology
_cStiling.P
942 _2udc
_cBK